[Event "Baia Mare Castanelor Cup 7th"]
[Site "Baia Mare"]
[Date "2021.11.28"]
[Round "4"]
[White "Ghimpu, Samuel Timotei"]
[Black "Coroian, Sebastian Dumitru"]
[Result "1-0"]
[WhiteElo "2414"]
[BlackElo "2098"]
[PlyCount "78"]
[EventDate "2021.11.28"]
[EventType "swiss (rapid)"]
[EventRounds "9"]
[EventCountry "ROU"]
[SourceTitle "CBM 205 Extra"]
[Source "ChessBase"]
[SourceDate "2022.01.31"]
[SourceVersion "1"]
[SourceVersionDate "2022.01.31"]
[SourceQuality "1"]

1. e4 c5 2. Nf3 d6 3. d4 cxd4 4. Nxd4 Nf6 5. Nc3 Nc6 6. Bc4 Qb6 7. Nxc6 bxc6 8. 0-0 e5 9. Kh1 Be7 10. f4 0-0 11. Qe1 Ba6 12. Be3 Qb7 13. Bxa6 Qxa6 14. fxe5 dxe5 15. Qg3 Rae8 16. Bh6 Nh5 17. Qg4 g6 18. Bxf8 Rxf8 19. Qd7 Bb4 20. Rf3 Nf4 21. g3 Bxc3 22. Rxc3 Ne6 23. Rxc6 Qa4 24. Qd5 Rd8 25. Qc4 Qa5 26. Rc8 Rxc8 27. Qxc8+ Kg7 28. Qc4 Qd2 29. Qd3 Qb4 30. b3 h5 31. Rf1 h4 32. Qf3 Qe7 33. Rd1 Nd4 34. Qd3 h3 35. c3 Ne6 36. Rf1 Ng5 37. Qd5 Kh6 38. b4 Qc7 39. c4 Qc8 1-0

[Event "Satu Mare Szabo Memorial"]
[Site "Satu Mare"]
[Date "2021.08.09"]
[Round "2"]
[White "Manolache, Marius"]
[Black "Coroian, Sebastian Dumitru"]
[Result "1-0"]
[WhiteElo "2517"]
[BlackElo "2032"]
[PlyCount "117"]
[EventDate "2021.08.08"]
[EventType "swiss"]
[EventRounds "9"]
[EventCountry "ROU"]
[SourceTitle "CBM 203 Extra"]
[Source "ChessBase"]
[SourceDate "2021.09.30"]
[SourceVersion "1"]
[SourceVersionDate "2021.09.30"]
[SourceQuality "1"]

1. d4 d5 2. Nf3 Nf6 3. Bf4 e6 4. e3 Bd6 5. Nbd2 Bxf4 6. exf4 0-0 7. Bd3 b6 8. Qe2 a5 9. a3 Ba6 10. Bxa6 Nxa6 11. 0-0 Qd6 12. Ne5 c5 13. c3 Rfc8 14. Rfe1 cxd4 15. cxd4 Nc7 16. Rac1 Nce8 17. Qb5 Qd8 18. Qd3 Nd6 19. g3 Rxc1 20. Rxc1 Rc8 21. Rb1 Nfe4 22. Nf1 Qc7 23. f3 Nf6 24. Ne3 g6 25. g4 Nfe8 26. Qe2 a4 27. Kf2 Qd8 28. Kg3 Nc4 29. h4 Ned6 30. N3xc4 dxc4 31. g5 Nf5+ 32. Kh3 Qxd4 33. Qe4 Qf2 34. Qe1 Qd4 35. Qe4 Qf2 36. Qe1 Qxe1 37. Rxe1 c3 38. bxc3 Rxc3 39. Rd1 h5 40. Rd8+ Kg7 41. Rb8 Nd4 42. Kg2 Rc2+ 43. Kf1 Rc1+ 44. Kf2 Rc2+ 45. Ke1 Rc7 46. Rxb6 Nf5 47. Ra6 Nxh4 48. Rxa4 Nf5 49. Rc4 Rxc4 50. Nxc4 f6 51. a4 Nd4 52. Kf2 Kf7 53. a5 e5 54. a6 Nc6 55. Nd6+ Ke6 56. f5+ Kxd6 57. fxg6 Ke7 58. g7 Kf7 59. gxf6 1-0

[Event "Satu Mare Szabo Memorial"]
[Site "Satu Mare"]
[Date "2019.08.05"]
[Round "5"]
[White "Coroian, Sebastian Dumitru"]
[Black "Rusan, Paul Cristian"]
[Result "0-1"]
[WhiteElo "1867"]
[BlackElo "2093"]
[PlyCount "80"]
[EventDate "2019.08.02"]
[EventType "swiss"]
[EventRounds "9"]
[EventCountry "ROU"]
[SourceTitle "CBM 191 Extra"]
[Source "ChessBase"]
[SourceDate "2019.09.30"]
[SourceVersion "1"]
[SourceVersionDate "2019.09.30"]
[SourceQuality "1"]

1. Nf3 f5 2. d4 Nf6 3. g3 g6 4. Bg2 Bg7 5. 0-0 0-0 6. c4 d6 7. Nc3 Qe8 8. d5 Na6 9. Nd4 Bd7 10. Rb1 c6 11. b3 Nc7 12. Bb2 Rb8 13. e4 c5 14. Nc2 b5 15. cxb5 Nxb5 16. Ne3 fxe4 17. Nxe4 Nxe4 18. Bxe4 Bh3 19. Re1 Bc3 20. Bxc3 Nxc3 21. Qc2 Nxb1 22. Qxb1 Qf7 23. f4 a5 24. Qc2 Qg7 25. f5 Qd4 26. g4 Rb4 27. a3 Rbb8 28. Kf2 a4 29. Kg3 Rxb3 30. Kxh3 Rxe3+ 31. Rxe3 Qxe3+ 32. Kg2 g5 33. f6 Rxf6 34. Bxh7+ Kg7 35. Bf5 Qd4 36. Qc1 Qxd5+ 37. Kg1 Qd4+ 38. Kg2 Qf4 39. Qe1 e6 40. Bxe6 Qe5 0-1

[Event "Satu Mare Szabo Memorial"]
[Site "Satu Mare"]
[Date "2019.08.02"]
[Round "1"]
[White "Coroian, Sebastian Dumitru"]
[Black "Bonte, Andrei Mihai"]
[Result "0-1"]
[WhiteElo "1867"]
[BlackElo "2338"]
[PlyCount "60"]
[EventDate "2019.08.02"]
[EventType "swiss"]
[EventRounds "9"]
[EventCountry "ROU"]
[SourceTitle "CBM 191 Extra"]
[Source "ChessBase"]
[SourceDate "2019.09.30"]
[SourceVersion "1"]
[SourceVersionDate "2019.09.30"]
[SourceQuality "1"]

1. Nf3 d5 2. d4 Nf6 3. c4 e6 4. g3 Bb4+ 5. Bd2 Be7 6. Bg2 0-0 7. 0-0 c6 8. Na3 a5 9. Qc2 Na6 10. Rfc1 Ne4 11. Be1 f5 12. c5 Bf6 13. Qa4 g5 14. e3 g4 15. Nd2 Ng5 16. f4 gxf3 17. Nxf3 Ne4 18. Rc2 Bd7 19. Qxa5 Qxa5 20. Bxa5 Naxc5 21. Bb4 b6 22. dxc5 bxc5 23. Bd2 Rxa3 24. bxa3 Bxa1 25. Bc1 Rb8 26. Nd2 c4 27. Nxe4 fxe4 28. Kf1 c3 29. a4 c5 30. Ba3 Bxa4 0-1